| 000 | 00525 a2200169 4500 | ||
|---|---|---|---|
| 003 | OSt | ||
| 005 | 20231109103011.0 | ||
| 008 | 231109b |||||||| |||| 00| 0 eng d | ||
| 020 | _a9789392455223 | ||
| 040 | _coclc | ||
| 082 |
_a297 _bREF/G |
||
| 100 |
_aRefaye, A K _99875 |
||
| 245 |
_aThe Guide and Guardian: _bThe Life Story of Quaid-e-Millath Muhammed Ismail Sahib (1896-1972) / _cA K Refaye |
||
| 260 |
_aKerala: _bGrace, _c2023. |
||
| 300 | _a192p | ||
| 942 |
_2ddc _cBK _h297 _iREF/G _k297 _mREF/G |
||
| 999 |
_c42977 _d42977 |
||